<?xml version="1.0" encoding="UTF-8"?>
<record
    xmlns:xsi="http://www.w3.org/2001/XMLSchema-instance"
    xsi:schemaLocation="http://www.loc.gov/MARC21/slim http://www.loc.gov/standards/marcxml/schema/MARC21slim.xsd"
    xmlns="http://www.loc.gov/MARC21/slim">

  <leader>01846nam a2200325   4500</leader>
  <controlfield tag="001">40</controlfield>
  <controlfield tag="003">OSt</controlfield>
  <controlfield tag="005">20250528074010.0</controlfield>
  <controlfield tag="008">250122b        |||||||g |||| 00| 1 eng d</controlfield>
  <datafield tag="020" ind1=" " ind2=" ">
    <subfield code="a">8501026271</subfield>
  </datafield>
  <datafield tag="040" ind1=" " ind2=" ">
    <subfield code="b">por</subfield>
  </datafield>
  <datafield tag="041" ind1=" " ind2=" ">
    <subfield code="h">eng</subfield>
    <subfield code="a">por</subfield>
  </datafield>
  <datafield tag="082" ind1=" " ind2=" ">
    <subfield code="a">813</subfield>
    <subfield code="b">B118po</subfield>
  </datafield>
  <datafield tag="100" ind1="1" ind2=" ">
    <subfield code="a">Bach, Richard,</subfield>
    <subfield code="d">1936-</subfield>
    <subfield code="9">99</subfield>
  </datafield>
  <datafield tag="240" ind1=" " ind2=" ">
    <subfield code="a">The bridge across forever</subfield>
  </datafield>
  <datafield tag="245" ind1=" " ind2=" ">
    <subfield code="a">A ponte para o sempre /</subfield>
    <subfield code="c">Bach, Richard ; Tradu&#xE7;&#xE3;o de A. B. Pinheiros de Lemos</subfield>
  </datafield>
  <datafield tag="250" ind1=" " ind2=" ">
    <subfield code="a">21&#xB0; di&#xE7;&#xE3;o</subfield>
  </datafield>
  <datafield tag="260" ind1=" " ind2=" ">
    <subfield code="a">Rio de Janeiro</subfield>
    <subfield code="b">Record</subfield>
    <subfield code="c">2002</subfield>
  </datafield>
  <datafield tag="300" ind1=" " ind2=" ">
    <subfield code="a">320 p.</subfield>
  </datafield>
  <datafield tag="520" ind1=" " ind2=" ">
    <subfield code="a">Mais de um ano na lista de best-sellers do New York Times! O cl&#xE1;ssico atemporal e edificante de Richard Bach sobre esperan&#xE7;a e amor "N&#xF3;s somos a ponte para sempre, arqueando-se sobre o mar, aventurando-nos para nosso prazer, vivendo mist&#xE9;rios pela divers&#xE3;o, escolhendo desastres, triunfos, desafios, probabilidades imposs&#xED;veis, testando a n&#xF3;s mesmos repetidamente, aprendendo amor e amor e amor!" "O oposto da solid&#xE3;o, n&#xE3;o &#xE9; uni&#xE3;o. &#xC9; intimidade." "Olhe no espelho e uma coisa &#xE9; que o que vemos n&#xE3;o &#xE9; quem somos." "Depois de Deus, amor &#xE9; a palavra mais mutilada em todas as l&#xED;nguas. A mais alta forma de considera&#xE7;&#xE3;o entre duas pessoas &#xE9; a amizade, e quando o amor entra, a amizade morre." "N&#xE3;o h&#xE1; erros. Os eventos que trazemos sobre n&#xF3;s mesmos, n&#xE3;o importa o qu&#xE3;o desagrad&#xE1;veis, s&#xE3;o necess&#xE1;rios para aprender o que precisamos aprender; quaisquer passos que tomemos, eles s&#xE3;o necess&#xE1;rios para alcan&#xE7;ar os lugares que escolhemos ir."</subfield>
  </datafield>
  <datafield tag="650" ind1=" " ind2="0">
    <subfield code="a">Literatura Americana</subfield>
    <subfield code="9">84</subfield>
  </datafield>
  <datafield tag="650" ind1=" " ind2="0">
    <subfield code="a">Espiritualidade</subfield>
    <subfield code="9">16</subfield>
  </datafield>
  <datafield tag="650" ind1=" " ind2="0">
    <subfield code="a">Amor e Paix&#xE3;o</subfield>
    <subfield code="9">25</subfield>
  </datafield>
  <datafield tag="650" ind1=" " ind2="0">
    <subfield code="a">Grandes Amizades</subfield>
    <subfield code="9">28</subfield>
  </datafield>
  <datafield tag="650" ind1=" " ind2="0">
    <subfield code="a">Auto Conhecimento</subfield>
    <subfield code="9">19</subfield>
  </datafield>
  <datafield tag="655" ind1=" " ind2="0">
    <subfield code="a">Romance</subfield>
    <subfield code="9">23</subfield>
  </datafield>
  <datafield tag="655" ind1=" " ind2="0">
    <subfield code="a">Fic&#xE7;&#xE3;o </subfield>
    <subfield code="9">22</subfield>
  </datafield>
  <datafield tag="700" ind1=" " ind2=" ">
    <subfield code="a">A. B. Pinheiro de Lemos</subfield>
    <subfield code="e">Tradutor</subfield>
    <subfield code="9">109</subfield>
  </datafield>
  <datafield tag="942" ind1=" " ind2=" ">
    <subfield code="2">ddc</subfield>
    <subfield code="n">0</subfield>
    <subfield code="c">BK</subfield>
  </datafield>
  <datafield tag="952" ind1=" " ind2=" ">
    <subfield code="0">0</subfield>
    <subfield code="1">0</subfield>
    <subfield code="2">ddc</subfield>
    <subfield code="4">0</subfield>
    <subfield code="7">0</subfield>
    <subfield code="8">FIC</subfield>
    <subfield code="a">BIBIB</subfield>
    <subfield code="b">BIBIB</subfield>
    <subfield code="c">LE</subfield>
    <subfield code="d">2007-06-19</subfield>
    <subfield code="e">doa&#xE7;&#xE3;o</subfield>
    <subfield code="l">0</subfield>
    <subfield code="o">813 / B118po</subfield>
    <subfield code="p">2025-13196</subfield>
    <subfield code="r">2025-01-20 08:34:18</subfield>
    <subfield code="w">2025-01-20</subfield>
    <subfield code="y">BK</subfield>
  </datafield>
  <datafield tag="999" ind1=" " ind2=" ">
    <subfield code="c">40</subfield>
    <subfield code="d">40</subfield>
  </datafield>
</record>
